000 00336 a2200133 4500
001 65029
040 _cAnchieta - Pituba
100 _aOliveira, Valdir
240 1 0 _a2ª Avaliação de Inglês, 1º série
_lpor
245 1 0 _a2ª Avaliação de Inglês, 1º série
362 0 _a2018
650 4 _aInglês e inglês antigo
942 _cBK
999 _c65029
_d65029